000 00225nam a22000857a 4500
008 160712b xxu||||| |||| 00| 0 eng d
100 _92686
_a Collins, G
245 _aHow to be a People Helper
260 _aCali
_b Vision House
_c1976
999 _c2336
_d2336